বিষয়বস্তু এড়িয়ে যান
VuFind
ভাষা
English
Deutsch
Español
Français
Italiano
日本語
Nederlands
Português
Português (Brasil)
中文(简体)
中文(繁體)
Türkçe
עברית
Gaeilge
Cymraeg
Ελληνικά
Català
Euskara
Русский
Čeština
Suomi
Svenska
polski
Dansk
slovenščina
اللغة العربية
বাংলা
Galego
Tiếng Việt
Hrvatski
हिंदी
সমস্ত ক্ষেত্রসমূহ
আখ্যা
লেখক
বিষয়
ডাক সংখ্যা
আইসবিএন/আইএসএসএন
ট্যাগ
অনুসন্ধান
বিস্তৃত
অনুসন্ধান
The Book of Shells
সাইট করুন
এই ই-মেইলটি
মুদ্রণ
নথি এক্সপোর্ট করুন
এক্সপোর্ট করুন RefWorks
এক্সপোর্ট করুন EndNoteWeb
এক্সপোর্ট করুন EndNote
permanent_link
লোডিং...
The Book of Shells
গ্রন্থ-পঞ্জীর বিবরন
প্রধান লেখক:
Harasewych, M G
হোল্ডিংস
বিবরন
অনুরূপ উপাদানগুলি
স্টাফেদের বিবরণ দেখুন
LEADER
00174 a2200097 4500
020
260
942
|c
BB
|6
_
245
|a
The Book of Shells
100
|a
Harasewych, M G
999
|c
57809
|d
57809
অনুরূপ উপাদানগুলি
The book of Indian Shells
অনুযায়ী: Deepak Apte
প্রকাশিত: (1998)
Shell book of firsts /
অনুযায়ী: Robertson, Patrick
প্রকাশিত: (1975)
The book of Indian shells
অনুযায়ী: Deepak Apte
প্রকাশিত: (1998)
Book of Indian shells /
অনুযায়ী: Apte, Deepak
প্রকাশিত: (1998)
Book of India shells
অনুযায়ী: Deepak Apte
প্রকাশিত: (1998)
লোডিং...